01759nam a22003614a 4500001001200000003000800012006001900020007001500039008004100054010001700095020003600112040002100148035002100169050002300190082001600213100002300229245013000252260005100382300003100433490004400464504006400508505030000572533015200872650003101024650003001055650003401085651004401119655002901163710001701192830004501209856012601254999001701380ebr10266056CaPaEBRm u cr cn|||||||||040202s2004 iluab sb 001 0 eng  z 2004001839 z0226510816 (cloth : alk. paper) aCaPaEBRcCaPaEBR a(OCoLC)64678435214aJF494b.M38 2004eb04a328.2732221 aMatsusaka, John G.10aFor the many or the fewh[electronic resource] :bthe initiative, public policy, and American democracy /cJohn G. Matsusaka. aChicago :bUniversity of Chicago Press,c2004. axii, 201 p. :bill., maps.1 aAmerican politics and political economy aIncludes bibliographical references (p. 187-194) and index.0 aAn American institution -- A blizzard of data -- Spending and taxes, 1970-2000 -- For the many or the few -- Conservative or liberal -- When legislators get out of step -- Key episodes in the twentieth century -- Majority tyranny and the constitution -- Delegation, information, and competition. aElectronic reproduction.bPalo Alto, Calif. :cebrary,d2013.nAvailable via World Wide Web.nAccess may be limited to ebrary affiliated libraries. 0aReferendumzUnited States. 0aDemocracyzUnited States. 0aFiscal policyzUnited States. 0aUnited StatesxPolitics and government. 7aElectronic books.2local2 aebrary, Inc. 0aAmerican politics and political economy.40uhttp://site.ebrary.com/lib/rucke/Doc?id=10266056zAn electronic book accessible through the World Wide Web; click to view c26396d26396